| 000 | 00911nam a22002537a 4500 | ||
|---|---|---|---|
| 008 | 090312t xxu||||| |||| 00| 0 eng d | ||
| 010 | _aENG-93153 | ||
| 020 | _c145.00 | ||
| 035 | _aEN-76686 | ||
| 037 | _bDBAD / PUB | ||
| 040 |
_adpl _bEnglish |
||
| 082 | _a005.756 | ||
| 100 | _aKarthikeyan, K. | ||
| 245 |
_aSQL&PL/SQL programming / _cby K. Karthikeyan |
||
| 260 |
_aErode _bPallavi Pathippagam _c2008 |
||
| 270 |
_a194, Kanna Complex, Mettur Road, _bErode _e11 |
||
| 300 |
_a128p. _c21cm (pbk) |
||
| 500 | _aSame ISBN 9788190751872 in History of India | ||
| 650 | _aSQL Server | ||
| 650 | _aRelational databases | ||
| 650 | _aSQL (Computer program language). | ||
| 942 |
_2ddc _cEN _mKAR _h005.756 |
||
| 999 |
_c25052 _d25052 |
||